| 000 -ლიდერი |
| ფიქსირებული სიგრძის საკონტროლო ველი |
01128nam a22002297a 4500 |
| 003 - საკონტროლო ნომრის იდენტიფიკატორი |
| საკონტროლო ველი |
Ge_BSU |
| 005 - ბოლო ოპერაციის თარიღი და დრო |
| საკონტროლო ველი |
20230228112058.0 |
| 008 - ფიქსირებული სიგრძის მონაცემთა ელემენტები - ზოგადი ინფორმაცია |
| ფიქსირებული სიგრძის საკონტროლო ველი |
230228s2009 ge ||||| |||| 00| 0 geo d |
| 020 ## - წიგნის საერთაშორისო სტანდარტული ნომერი |
| International Standard Book Number |
9789941906329 |
| 041 ## - ენის კოდი |
| Language code of text/sound track or separate title |
geo |
| 080 ## - უნივერსალური ათობითი კლასიფიკაციის ინდექსი |
| Universal Decimal Classification number |
352: 316.32 ბ-48 |
| 100 ## - მთავარი ჩანაწერი - პიროვნების სახელი |
| Personal name |
ბენიგჰაუსი, ქრისტინა. |
| Numeration |
|
| 9 (RLIN) |
17074 |
| 245 ## - ცნობა სათაურის შესახებ |
| Title |
თანამონაწილეობიდან სამოქალაქო საზოგადოებამდე / |
| Statement of responsibility, etc |
ქრისტინა ბენიგჰაუსი, ასმათ დიასამიძე. |
| 250 ## - გამოცემის ცნობა |
| Edition statement |
[I-ლი გამოც.]. |
| 264 ## - წარმოების, გამოცემის, დისტრიბუციის და სხვა ცნობები |
| გამოცემის, წარმოების, დისტრიბუციის... ადგილი |
თბილისი: |
| გამოცემის, წარმოების, დისტრიბუციის... სახელწოდება |
პეტიტი, |
| გამოცემის, წარმოების, დისტრიბუციის... თარიღი |
2009. |
| 300 ## - ფიზიკური აღწერა |
| Extent |
111გვ. : |
| Other physical details |
ილ. ; |
| Dimensions |
23სმ. |
| 501 ## - შენიშვნა თანმხლებ მასალაზე |
| With note |
დანართები: გვ. 71-111. |
| 653 ## - INDEX TERM--UNCONTROLLED |
| Uncontrolled term |
მოქალაქეთა მონაწილეობა თვითმმართველობაში |
| 653 ## - INDEX TERM--UNCONTROLLED |
| Uncontrolled term |
სამოქალაქო საზოგადოება |
| 700 ## - ADDED ENTRY--PERSONAL NAME |
| Personal name |
დიასამიძე, ასმათ |
| Relator term |
ავტორი |
| 9 (RLIN) |
4930 |
| 942 ## - ADDED ENTRY ELEMENTS (KOHA) |
| Source of classification or shelving scheme |
|
| Koha item type |
წიგნი |